00792nam a2200205 i 450000100060000000300090000600500170001500700030003200800410003510000220007624501610009826000330025930000320029270000200032470000370034470000360038185200310041799900170044895201210046538267ES-MaACL20230906155728.0t|030225s1971 sp ||||1| spa d1 aBurges, A.93263010aBiología del suelo / cbajo la dirección de A. Burges y F. Raw ; traducido del inglés por José Luis Mensua Fernández y por Xavier Llimona Pagés. aBarcelona : bOmega, c1971. a596 p., 1 lám. ; c23 cm.1 aRawl, F.9956071 aMensua Fernández, J. L.9803820 aLlimona Pagés, Xavier.972781 aES-MaACLjE-8153 bR.92658 c38267d38267 00104070aATENEOMbATENEOMcDEPO2d2008-01-17eSCl0oE-8153p1040282r2023-02-23 00:00:00w2023-02-23yMONOGRAFIA